Lazarillo de Tormes. Diablo Cojuelo

Na minha lista:
Detalhes bibliográficos
Autor principal: Anónimo; Velez De Guevara, Luis
Formato: Livro
Idioma:Spanish
Publicado em: Madrid, España SALVAT 1973
Assuntos:
Tags: Adicionar Tag
Sem tags, seja o primeiro a adicionar uma tag!

MARC

LEADER 00000nam a2200000Ia 4500
008 170316s9999 xx 000 0 spa d
999 |c 9414  |d 9414 
040 |a cru BVZT 
090 |a 862 A-28Ld 
100 |a Anónimo; Velez De Guevara, Luis 
245 |a Lazarillo de Tormes. Diablo Cojuelo 
260 |a Madrid, España 
260 |b SALVAT 
260 |c 1973 
300 |a 256 páginas 
650 |a LITERATURA ESPAÑOLA  |9 23 
942 |c 15 D  |h 862 A-28Ld  |2 z